| 000 | 00860nam a2200265Ia 4500 | ||
|---|---|---|---|
| 003 | OSt | ||
| 005 | 20221005104634.0 | ||
| 006 | a|||||r|||| 00| 0 | ||
| 007 | ta | ||
| 008 | 221004b |||||||| |||| 00| 0 hin d | ||
| 020 | _a8181431812 (hbk) | ||
| 024 | _a5053 | ||
| 037 |
_bGift, 03/07/2013, _cTextual |
||
| 040 |
_aCRL _cCRL _bhin |
||
| 041 |
_2hin _ahin |
||
| 082 | _aO152,3N596x, P4 | ||
| 100 | _aजयशंकर | ||
| 245 | 0 | _aबारिश, ईश्वर और मृत्यु | |
| 246 | _aBārisha, īshvar aur mṛutyu | ||
| 260 |
_aदिल्ली _bवाणी प्रकाशन भारत _c2006 |
||
| 300 |
_a104पृ0 _ccm. |
||
| 650 | _aहिन्दी साहित्य | ||
| 942 |
_hO152,3N596x, P4 _cTEXL _2cc |
||
| 999 |
_c1013327 _d1013327 |
||